header

Sartre explained (Record no. 128243)

MARC details
000 -LEADER
fixed length control field 01282nam a2200337Ia 4500
082 04 - DEWEY DECIMAL CLASSIFICATION NUMBER
Classification number 194
100 1# - MAIN ENTRY--AUTHOR NAME
Personal name Detmer, David,
245 10 - TITLE STATEMENT
Title Sartre explained
260 ## - PUBLICATION, DISTRIBUTION, ETC. (IMPRINT)
Place of publication Chicago, Ill. :
Name of publisher Open Court,
Year of publication c2008.
300 ## - PHYSICAL DESCRIPTION
Number of Pages xi, 233 p.
490 1# - SERIES STATEMENT
Series statement Ideas explained ;
650 #0 - SUBJECT ADDED ENTRY--TOPICAL TERM
Topical Term Philosophy, French
856 40 - ELECTRONIC LOCATION AND ACCESS
Uniform Resource Identifier http://site.ebrary.com/lib/rucke/Doc?id=10464328

No items available.

© 2026 Rongo University
Contact us: librarian | system librarian | Rongo university